Cvičení z teorie statistiky Pro posluchače oboru EZ

Gespeichert in:
Bibliographische Detailangaben
1. Verfasser: Čermák, Václav
Körperschaft: Vysoká škola ekonomická v Praze. Národohospodářská fakulta
Format: Buch
Sprache:Tschechisch
Veröffentlicht: Praha Státní pedagogické nakladatelství 1988
Ausgabe:5. vyd.
Tags: Tag hinzufügen
Keine Tags, Fügen Sie das erste Tag hinzu!

MARC

LEADER 00000nam a2200000 4500
001 c030319
005 20221219085029.3
041 0 |a cze 
044 |a CZ 
245 1 0 |a Cvičení z teorie statistiky  |b Pro posluchače oboru EZ  |c Václav Čermák 
250 |a 5. vyd. 
264 1 |a Praha  |b Státní pedagogické nakladatelství  |c 1988 
300 |a 201 s. 
100 1 |a Čermák, Václav 
710 2 |a Vysoká škola ekonomická v Praze. Národohospodářská fakulta